Temas da Reforma Trabalhista

Detalles Bibliográficos
Autor principal: Meireles, Edilton
Formato: eBook
Lenguaje:portugués
Publicado: San Pablo: LTR, 2018
Materias:
Acceso en línea:Acceso restringido

MARC

LEADER 00000nam a22000007a 4500
005 20190901142019.0
007 cr ||| ||||
008 190901s2018 br |||||s|||| 00||0 por d
020 |a 978-85-361-9803-3 
035 |a 24724 
040 |a vLex 
090 |c 9353  |d 9353 
100 1 |a Meireles, Edilton 
245 1 0 |a Temas da Reforma Trabalhista  |h [Recurso electrn̤ico] /  |c Edilton Meireles 
256 |a Servicio en ln̕ea 
260 |a San Pablo:  |b LTR,  |c 2018 
300 |a 1 recurso electrn̤ico 
500 |a Terceirizaȯ̂, retroatividade, autonomia coletiva, grupo econm̥ico, dano moral, contribuiȯ̂ sindical, acordo extrajudicial, pedido lq̕uido, ilc̕itos processuais, honorr̀ios advocatc̕ios. 
506 1 |a Disponible solo en los productos indicados  |d vLex Global  |d vLex Global (Academic Edition, excluding Law Schools)  |d vLex Global (U.S. Academic Edition, Law Schools)  |d vLex Global (U.S. Academic Edition, excluding Law Schools)  |d vLex Global (Academic Edition, Law Schools) 
650 0 4 |a Derecho Laboral y Seguridad Social  |z Brasil 
740 0 |a vLex Libros (Servicio en ln̕ea) 
856 4 0 |u http://vlex.com/source/temas-reforma-trabalhista-24724  |z Acceso restringido 
942 |c BOOK 
999 0 |a Labor law and social security